Каталог-справочник мировой коллекции ВИР. Вып. 917: Яровая мягкая пшеница (Запись № 12583340)
[ простой вид ]
| 000 -МАРКЕР | |
|---|---|
| контрольное поле | 02832nam2a2200361 4500 |
| 001 - ИДЕНТИФИКАТОР ЗАПИСИ | |
| контрольное поле | RU\NLR\BIBL_A\012601528 |
| 005 - ИДЕНТИФИКАТОР ВЕРСИИ | |
| контрольное поле | 20211117141539.0 |
| 010 ## - МЕЖДУНАРОДНЫЙ СТАНДАРТНЫЙ НОМЕР КНИГИ (ISBN) | |
| Номер (ISBN) | 978-5-907145-25-2 |
| Тираж | 100 |
| 021 ## - НОМЕР ГОСУДАРСТВЕННОЙ РЕГИСТРАЦИИ | |
| Код страны | Российская Федерация |
| Номер | КН-П-21-033527 |
| Номер Листа государственной регистраци | КН-П-21-2619 |
| 035 ## - ДРУГИЕ СИСТЕМНЫЕ НОМЕРА | |
| Идентификатор записи | (NLR Aleph) 012601528 |
| 100 ## - ДАННЫЕ ОБЩЕЙ ОБРАБОТКИ | |
| Данные общей обработки | 20210924d2020 k y0rusy50 ca |
| 101 0# - ЯЗЫК РЕСУРСА | |
| Язык текста, звукозаписи и т.д. | русский |
| Язык резюме | английский |
| 102 ## - СТРАНА ПУБЛИКАЦИИ ИЛИ ПРОИЗВОДСТВА | |
| Страна публикации | Российская Федерация |
| 105 ## - ПОЛЕ КОДИРОВАННЫХ ДАННЫХ: ТЕКСТОВЫЕ МАТЕРИАЛЫ, МОНОГРАФИЧЕСКИЕ | |
| Кодированные данные о монографическом текстовом документе | a b 000zy |
| 200 1# - ЗАГЛАВИЕ И СВЕДЕНИЯ ОБ ОТВЕТСТВЕННОСТИ | |
| Основное заглавие | Яровая мягкая пшеница |
| Параллельное заглавие | Spring bread wheat |
| Сведения, относящиеся к заглавию | результаты многолетнего полевого изучения образцов яровой мягкой пшеницы в условиях Ленинградской области |
| Первые сведения об ответственности | Министерство науки и высшего образования Российской Федерации, Федеральный исследовательский центр Всероссийский институт генетических ресурсов растений имени Н. И. Вавилова (ВИР) |
| Последующие сведения об ответственности | Е. В. Зуев, А. Н. Брыкова, Е. Ю. Кудрявцева |
| -- | под научной редакцией канд. с.-х. наук Е. В. Зуева |
| Язык параллельного заглавия | английский |
| 210 ## - ПУБЛИКАЦИЯ, РАСПРОСТРАНЕНИЕ И ДР. | |
| Дата издания, распространения и т.д. | 2020 |
| 215 ## - ФИЗИЧЕСКАЯ ХАРАКТЕРИСТИКА | |
| Специфическое обозначение материала и объем | 71, [1] с. |
| Другие сведения о физической характеристике | табл. |
| 300 ## - ОБЩИЕ ПРИМЕЧАНИЯ | |
| Текст примечания | Авт. также на англ. яз.: E. V. Zuev, A. N. Brykova, E. Yu. Kudryavtseva |
| 300 ## - ОБЩИЕ ПРИМЕЧАНИЯ | |
| Текст примечания | Рез. англ. |
| 320 ## - ПРИМЕЧАНИЯ О НАЛИЧИИ В ДОКУМЕНТЕ БИБЛИОГРАФИИ / УКАЗАТЕЛЯ | |
| Текст примечания | Библиогр.: с. 70 |
| 461 #0 - УРОВЕНЬ НАБОРА | |
| Встроенное поле | 001rc\4746805 |
| -- | 2001#$aКаталог-справочник мировой коллекции ВИР$eВып. 1-$fВсесоюз. ордена Ленина акад. с.-х. наук им. В.И. Ленина. Всесоюз. науч.-исслед. ин-т растениеводства$vВып. 917 |
| Системный номер (АБИС) связанной записи | 9347765 |
| Автор | Всероссийский институт генетических ресурсов растений им. Н. И. Вавилова (Санкт-Петербург) |
| Место публикации | Ленинград |
| Дата публикации | 1961- |
| Первые сведения об ответственности | Всесоюз. ордена Ленина акад. с.-х. наук им. В.И. Ленина. Всесоюз. науч.-исслед. ин-т растениеводства |
| Имя издателя, распространителя и т.д. | Б. и. |
| Сведения, относящиеся к заглавию | Вып. 1- |
| Заглавие | Каталог-справочник мировой коллекции ВИР |
| Номер тома | Вып. 917 |
| 510 1# - ПАРАЛЛЕЛЬНОЕ ЗАГЛАВИЕ | |
| Параллельное заглавие | Spring bread wheat |
| Язык заглавия | английский |
| 606 1# - НАИМЕНОВАНИЕ ТЕМЫ КАК ПРЕДМЕТ | |
| Наименование темы | Мягкая пшеница яровая |
| Формальный подзаголовок | Каталоги |
| Тематический подзаголовок | Культура |
| Географический подзаголовок | Ленинградская область |
| Системный номер авторитетной/нормативной записи | 2493954 |
| Идентификатор авторитетной/нормативной записи | RU\NLR\AUTH\6601695543 |
| 686 1# - ИНДЕКСЫ ДРУГИХ КЛАССИФИКАЦИЙ | |
| Индекс | П212.13-4(2Р31-4Ле)я26 |
| 701 #1 - ИМЯ ЛИЦА - АЛЬТЕРНАТИВНАЯ ОТВЕТСТВЕННОСТЬ | |
| Начальный элемент ввода | Зуев |
| Часть имени, кроме начального элемента ввода | Е. В. |
| Расширение инициалов личного имени | Евгений Валерьевич |
| 701 #1 - ИМЯ ЛИЦА - АЛЬТЕРНАТИВНАЯ ОТВЕТСТВЕННОСТЬ | |
| Начальный элемент ввода | Брыкова |
| Часть имени, кроме начального элемента ввода | А. Н. |
| Расширение инициалов личного имени | Алла Николаевна |
| 701 #1 - ИМЯ ЛИЦА - АЛЬТЕРНАТИВНАЯ ОТВЕТСТВЕННОСТЬ | |
| Начальный элемент ввода | Кудрявцева |
| Часть имени, кроме начального элемента ввода | Е. Ю. |
| Расширение инициалов личного имени | Евгения Юрьевна |
| 942 ## - ДОПОЛНИТЕЛЬНЫЕ ЭЛЕМЕНТЫ ЗАПИСИ (АБИС) | |
| Тип экземпляра АБИС | Книга |
| 980 ## - КОЛЛЕКЦИЯ | |
| Название коллекции | НБР |
| 980 ## - КОЛЛЕКЦИЯ | |
| Название коллекции | Национальная библиография |
Нет доступных экземпляров.